Sokol obrázkový časopis pre zábavu a poučenie

Bibliographic Details
New Title:Orol
Corporate Author: Škarnicel, František Xaver a synovia (Skalica, Slovensko) (Printer)
Format: Journal
Language:Slovak
PhysicalDescription:8 zv. 26 cm
Published: Budín Vilém Paulíny-Tóth 1862-1869
V Skalici
ISSN:1337-2114
1337-1606
Subjects:

MARC

LEADER 00000cas a2200000 a 4500
001 vtls008419139
003 SK-MaSNL
005 20260228160922.0
008 200401d18621869xo mr|p 0 b0slo
022 |a 1337-2114 
040 |a SVKPO  |b slo  |c SVKPO  |d SNK  |e AACR2 
041 0 |a slo 
044 |a hu  |c HU  |a xo  |c SK 
072 7 |a 82  |x Literatúra. Literárny život  |2 konspekt 
072 7 |a 316.7  |x Sociológia kultúry. Kultúrny život  |2 konspekt 
080 |a 82  |2 2011 
080 |a 316.728  |2 2011 
080 |a 050  |2 2001 
080 |a 79(051)  |2 2011 
210 0 |a Sokol  |b (Skalica) 
222 0 |a Sokol  |b (Skalica) 
245 0 0 |a Sokol  |b obrázkový časopis pre zábavu a poučenie 
260 |a Budín  |b Vilém Paulíny-Tóth  |c 1862-1869  |e V Budíne  |f Martin Bagó 
260 3 |3 14/1863-1869  |a V Skalici  |b Vilém Paulíny-Tóth  |e V Skalici  |f Rýchlotiskom Fr. X. Škarnicla Synov 
300 |a 8 zv.  |c 26 cm 
310 |a 1x mesačne  |b 1862, 1866-1869 
321 |a 2x mesačne  |b 1863-1865 
362 0 |a Roč. I, č. 1 (21. jan. 1862)-roč. VIII, č. 12 (26. dec. 1869) 
500 |a Zodp. red.: 1862-1869, Vilém Paulíny-Tóth 
500 |a Na obale od č. 1 (1863) dole uvedená tlačiareň: V Skalici, Fr. X. Škarnycla synov 
500 |a Od r. 1865- na obale podnázov: časopis pre zábavu a poučenie 
500 |a Pokračuje pod názvom: Orol 
504 |a Zozn., bibliogr., bibliogr. odkazy 
515 |a Má priebežné číslovanie strán 
525 |a V rokoch 1867-1868 mal prílohu divadelných hier Jonáša Záborského - uvedené v Bibliogr. slov. a inoreč. časopisov do r. 1918 
525 |a Samostatná príloha: Hlahol 
650 0 7 |a spoločenský život  |2 SNKPH  |9 28654 
650 0 7 |a literatúra  |2 SNKPH  |9 1427 
655 7 |a zábavné časopisy  |2 SNKPH  |9 145589 
700 1 |a Pauliny-Tóth, Viliam,  |d 1826-1877  |4 lso  |4 pbl  |9 37125 
710 2 |a Škarnicel, František Xaver a synovia (Skalica, Slovensko)  |4 prt  |9 265325 
752 |a Maďarsko  |d Budapešť 
752 |a Slovensko  |d Skalica 
770 0 |t Hlahol  |w vtls010297451 
785 0 0 |t Orol  |x 1337-1606  |w vtls001273708 
850 |a Štátna vedecká knižnica v Prešove 
910 |a snk 
916 |a 1862-1869 
958 |a ONDV 
999 |c 3910  |d 5840 
952 |0 0  |1 0  |4 0  |7 0  |a SNK  |b SNK  |d 1997-02-13  |f 1  |l 0  |o snkČSB 2/8/1869  |p 17A0038088  |r 2005-01-02 00:00:00  |t č. 1-12  |w 2026-02-21  |y PREZ 
952 |0 0  |1 0  |4 0  |7 0  |8 5  |a SNK  |b SNK  |d 1997-04-09  |i snkF 1641/68  |l 0  |o snkČSB 2/7/1868 D3  |p 17A1023039  |r 2005-01-02 00:00:00  |t č. 1-12  |w 2026-02-21  |y PREZ  |z V č. 1 chýbajú str. 1-16 
952 |0 0  |1 0  |4 0  |7 0  |8 3  |a SNK  |b SNK  |d 1997-03-24  |i snkK 220/66  |l 0  |o snkČSB 2/4/1865 D3  |p 17A0056660  |r 2005-01-02 00:00:00  |t č. 1-24, neúplné  |w 2026-02-21  |y PREZ  |z Chybne uvedené 2x č. 1 - správne č. 2 ; Chýba č. 22 
952 |0 0  |1 0  |4 0  |7 0  |a SNK  |b SNK  |d 1997-04-17  |f 1  |l 0  |o snkČSB 2/4/1865  |p 17A0430351  |r 2005-01-02 00:00:00  |t č. 1-24  |w 2026-02-21  |y PREZ 
952 |0 0  |1 0  |4 0  |7 0  |a SNK  |b SNK  |d 1997-04-18  |i snk 261/27  |l 0  |o snkČSB 2/4/1865 D5  |p 17A0061603  |r 2005-01-02 00:00:00  |t č. 1-24  |w 2026-02-21  |y PREZ 
952 |0 0  |1 0  |4 0  |7 0  |8 3  |a SNK  |b SNK  |d 1997-06-20  |i snkK 5066/71  |l 0  |o snkČSB 2/4/1865 D4  |p 17A0074989  |r 2005-01-02 00:00:00  |t č. 1-24  |w 2026-02-21  |y PREZ 
952 |0 0  |1 0  |4 0  |7 0  |8 3  |a SNK  |b SNK  |d 1997-04-09  |i snkK 5067/71  |l 0  |o snkČSB 2/7/1868 D2  |p 17A0059393  |r 2005-01-02 00:00:00  |t č. 1-12  |w 2026-02-21  |y PREZ 
952 |0 0  |1 0  |4 0  |7 0  |a SNK  |b SNK  |d 2003-07-04  |l 0  |o snkČSB 2/7/1868 D4  |p 17A0329883  |r 2005-01-02 00:00:00  |t č. 1-12  |w 2026-02-21  |y PREZ 
952 |0 0  |1 0  |4 0  |7 0  |a SNK  |b SNK  |d 1997-04-09  |l 0  |o snkČSB 2/1/1862 D5  |p 17A0059034  |r 2005-01-02 00:00:00  |t č. 1-12  |w 2026-02-21  |y PREZ 
952 |0 0  |1 0  |4 0  |7 0  |a SNK  |b SNK  |d 1997-04-23  |f 1  |i snk 258/27  |l 0  |o snkČSB 2/1/1862  |p 17A0062031  |r 2005-01-02 00:00:00  |t č. 1-12  |w 2026-02-21  |y PREZ 
952 |0 0  |1 0  |4 0  |7 0  |8 3  |a SNK  |b SNK  |d 1997-08-21  |i snkK 2744/72  |l 0  |o snkČSB 2/1/1862 D4  |p 17A0090451  |r 2005-01-02 00:00:00  |t č. 1-12  |w 2026-02-21  |y PREZ 
952 |0 0  |1 0  |4 0  |7 0  |8 5  |a SNK  |b SNK  |d 1997-04-09  |i snkF 1662/68  |l 0  |o snkČSB 2/6/1867 D3  |p 17A0059081  |r 2005-01-02 00:00:00  |t č. 1-12  |w 2026-02-21  |y PREZ 
952 |0 0  |1 0  |4 0  |7 0  |a SNK  |b SNK  |d 1998-01-28  |f 1  |i snk 263/27  |l 0  |o snkČSB 2/6/1867  |p 17A0119996  |r 2005-01-02 00:00:00  |t č. 1-12  |w 2026-02-21  |y PREZ 
952 |0 0  |1 0  |4 0  |7 0  |8 3  |a SNK  |b SNK  |d 1997-04-17  |i snkK 4746/66  |l 0  |o snkČSB 2/5/1866 D1  |p 17A0061360  |r 2005-01-02 00:00:00  |t č. 1-11  |w 2026-02-21  |y PREZ 
952 |0 0  |1 0  |4 0  |7 0  |8 5  |a SNK  |b SNK  |d 1997-06-20  |i snkF 1697/68  |l 0  |o snkČSB 2/5/1866 D3  |p 17A1326430  |r 2005-01-02 00:00:00  |t č. 1-11  |w 2026-02-21  |y PREZ 
952 |0 0  |1 0  |4 0  |7 0  |a SNK  |b SNK  |d 1997-09-18  |f 1  |i snk 262/27  |l 0  |o snkČSB 2/5/1866  |p 17A0095021  |r 2005-01-02 00:00:00  |t č. 1-11  |w 2026-02-21  |y PREZ  |z Č. 11 vyšlo 30. dec. ; Bibliogr. uvádza 12 čísiel 
952 |0 0  |1 0  |4 0  |7 0  |8 3  |a SNK  |b SNK  |d 1997-04-17  |i snkK 221/66  |l 0  |o snkČSB 2/2/1863 D3  |p 17A0061361  |r 2005-01-02 00:00:00  |t č. 1-24  |w 2026-02-21  |y PREZ 
952 |0 0  |1 0  |4 0  |7 0  |a SNK  |b SNK  |d 1997-10-01  |f 1  |l 0  |o snkČSB 2/2/1863  |p 17A0099463  |r 2005-01-02 00:00:00  |t č. 1-24  |w 2026-02-21  |y PREZ 
952 |0 0  |1 0  |4 0  |7 0  |a SNK  |b SNK  |d 2013-06-11  |l 0  |o snkČSB 2/2/1863 D1  |p 17A1022292  |r 2026-02-21 19:30:57  |t č. 1-24  |w 2026-02-21  |y PREZ  |z Str. 569-572 sú chybne očíslované (567-570) 
952 |0 0  |1 0  |4 0  |7 0  |a SNK  |b SNK  |d 2010-12-10  |i snkIII. 2183/49  |l 0  |o snkČSB 2/3/1864 D1  |p 17A0677338  |r 2026-02-21 19:56:15  |t č. 1-24  |w 2026-02-21  |y PREZ 
952 |0 0  |1 0  |4 0  |7 0  |a SNK  |b SNK  |d 2006-10-31  |l 0  |o snkČSB 2/1/1862 D3  |p 17A0527538  |r 2026-02-21 20:05:13  |t č. 1-12, neúplné  |w 2026-02-21  |y PREZ  |z Č. 7 chýbajú sstrany 241-248 ; č. 8 chýbajú strany 249-256 
952 |0 0  |1 0  |4 0  |7 0  |8 3  |a SNK  |b SNK  |d 2011-04-15  |i snkK 4747/66  |l 0  |o snkČSB 2/6/1867 D1  |p 17A0692219  |r 2026-02-21 20:06:11  |t č. 1-12  |w 2026-02-21  |y PREZ 
952 |0 0  |1 0  |4 0  |7 0  |8 5  |a SNK  |b SNK  |d 1997-04-09  |i snkF 1663/68  |l 0  |o snkČSB 2/3/1864 D4  |p 17A0059470  |r 2005-01-01 00:00:00  |t č. 1-24  |w 2026-02-21  |y PREZ 
952 |0 0  |1 0  |4 0  |7 0  |8 3  |a SNK  |b SNK  |d 1997-09-18  |i snkK 5064/71  |l 0  |o snkČSB 2/1/1862 D1  |p 17A0095109  |r 2005-01-02 00:00:00  |t č. 1-12  |w 2026-02-21  |y PREZ 
952 |0 0  |1 0  |4 0  |7 0  |8 1  |a SNK  |b SNK  |d 1999-04-21  |i snkD 260/66  |l 0  |o snkČSB 2/5/1866 D2  |p 17A0190114  |r 2005-01-02 00:00:00  |t č. 1-11  |w 2026-02-21  |y PREZ 
952 |0 0  |1 0  |4 0  |7 0  |a SNK  |b SNK  |d 2001-01-11  |f 1  |i snk 264/27  |l 0  |o snkČSB 2/7/1868  |p 17A0265866  |r 2005-01-02 00:00:00  |t č. 1-12  |w 2026-02-21  |y PREZ 
952 |0 0  |1 0  |4 0  |7 0  |8 5  |a SNK  |b SNK  |d 2011-08-08  |i snkF 2035/68  |l 0  |o snkČSB 2/1/1862 D2  |p 17A0708766  |r 2026-02-21 20:26:52  |t č. 1-12   |w 2026-02-21  |y PREZ 
952 |0 0  |1 0  |4 0  |7 0  |8 3  |a SNK  |b SNK  |d 2012-01-20  |i snkK 4748/66  |l 0  |o snkČSB 2/7/1868 D1  |p 17A7633497  |r 2026-02-21 20:29:52  |t č. 1-12  |w 2026-02-21  |y PREZ 
952 |0 0  |1 0  |4 0  |7 0  |a SNK  |b SNK  |d 2008-10-14  |l 0  |o snkČSB 2/6/1867 D2  |p 17A0597164  |r 2026-02-21 20:49:57  |t č. 1-12  |w 2026-02-21  |y PREZ 
952 |0 0  |1 0  |4 0  |7 0  |8 5  |a SNK  |b SNK  |d 2014-05-07  |i snkF 2038/68  |l 0  |o snkČSB 2/8/1869 D1  |p 17A1075291  |r 2026-02-21 21:03:15  |t č. 1-12  |w 2026-02-21  |y PREZ 
952 |0 0  |1 0  |4 0  |7 0  |8 3  |a SNK  |b SNK  |d 2015-02-18  |i snkK 4744/66  |l 0  |o snkČSB 2/3/1864 D5  |p 17A0844036  |r 2026-02-21 21:04:05  |t č. 1-24, neúplné  |w 2026-02-21  |y PREZ  |z Rok 1864 je zviazaný spolu s r. 1865 D2 ; Chýba č. 1-5, v jednotlivých číslach chýbajú strany 
952 |0 0  |1 0  |4 0  |7 0  |a SNK  |b SNK  |d 2014-02-20  |l 0  |o snkČSB 2/4/1865 D1  |p 17A0061362  |r 2026-02-21 21:13:21  |t č. 1-24  |w 2026-02-21  |y PREZ 
952 |0 0  |1 0  |4 0  |7 0  |a SNK  |b SNK  |d 1999-02-12  |i snk 261/44  |l 0  |o snkČSB 2/8/1869 D5  |p 17A0180732  |r 2005-01-02 00:00:00  |t č. 1-12  |w 2026-02-21  |y PREZ 
952 |0 0  |1 0  |4 0  |7 0  |a SNK  |b SNK  |d 1997-09-18  |i snk 265/27  |l 0  |o snkČSB 2/8/1869 D2  |p 17A0094867  |r 2005-01-02 00:00:00  |t č. 1-12  |w 2026-02-21  |y PREZ 
952 |0 0  |1 0  |4 0  |7 0  |a SNK  |b SNK  |d 2001-05-24  |f 1  |l 0  |o snkČSB 2/3/1864  |p 17A0301595  |r 2005-01-01 00:00:00  |t č. 1-24  |w 2026-02-21  |y PREZ 
952 |0 0  |1 0  |4 0  |7 0  |a SNK  |b SNK  |d 1996-11-25  |i snk 260/27  |l 0  |o snkČSB 2/3/1864 D3  |p 17A0019932  |r 2005-01-01 00:00:00  |t č. 1-24  |w 2026-02-21  |y PREZ 
952 |0 0  |1 0  |4 0  |7 0  |8 3  |a SNK  |b SNK  |d 2018-06-15  |i snkČSK 700/57  |l 0  |o snkČSB 2/2/1863 D2  |p 17A1326424  |r 2026-02-21 22:12:44  |t č. 1-24  |w 2026-02-21  |y PREZ 
952 |0 0  |1 0  |4 0  |7 0  |8 3  |a SNK  |b SNK  |d 2018-06-15  |i snkK 2812/66  |l 0  |o snkČSB 2/2/1863 D4  |p 17A1326425  |r 2026-02-21 22:12:44  |t č. 1-24  |w 2026-02-21  |y PREZ 
952 |0 0  |1 0  |4 0  |7 0  |8 3  |a SNK  |b SNK  |d 2018-06-15  |i snkČSK 187/58  |l 0  |o snkČSB 2/2/1863 D5  |p 17A1326426  |r 2026-02-21 22:12:44  |t č. 1-24  |w 2026-02-21  |y PREZ 
952 |0 0  |1 0  |4 0  |7 0  |a SNK  |b SNK  |d 2018-06-15  |i snkI. 262/44  |l 0  |o snkČSB 2/3/1864 D2  |p 17A1326427  |r 2026-02-21 22:12:44  |t č. 1-24  |w 2026-02-21  |y PREZ 
952 |0 0  |1 0  |4 0  |7 0  |8 3  |a SNK  |b SNK  |d 2018-06-15  |i snkK 2813/66  |l 0  |o snkČSB 2/4/1865 D2  |p 17A1326428  |r 2026-02-21 22:12:44  |t č. 1-24  |w 2026-02-21  |y PREZ 
952 |0 0  |1 0  |4 0  |7 0  |8 3  |a SNK  |b SNK  |d 2018-06-15  |i snkK 4745/66  |l 0  |o snkČSB 2/4/1865 D6  |p 17A1326429  |r 2026-02-21 22:12:44  |t č. 1-24, neúplné  |w 2026-02-21  |y PREZ  |z Chýba č. 24 
952 |0 0  |1 0  |4 0  |7 0  |a SNK  |b SNK  |d 2018-06-15  |l 0  |o snkČSB 2/5/1866 D4  |p 17A0074947  |r 2026-02-21 22:12:44  |t č. 1-11  |w 2026-02-21  |y PREZ 
952 |0 0  |1 0  |4 0  |7 0  |8 3  |a SNK  |b SNK  |d 2018-06-18  |i snkČSK 768/57  |l 0  |o snkČSB 2/8/1869 D3  |p 17A1326431  |r 2026-02-21 22:12:59  |t č. 1-12  |w 2026-02-21  |y PREZ 
952 |0 0  |1 0  |4 0  |7 0  |8 3  |a SNK  |b SNK  |d 2018-06-18  |i snkK 5067/71  |l 0  |o snkČSB 2/8/1869 D4  |p 17A1326432  |r 2026-02-21 22:12:59  |t č. 1-12  |w 2026-02-21  |y PREZ